000 00238nam a2200097Ia 4500
082 _aEJF SMIT
245 0 _aLockdown
100 _a Smith, Alexander Gordon, London, 2009
942 _cBK
008 210817s9999 xx 000 0 und d
999 _c384826
_d384825